| 000 | 00461pab a2200169 454500 | ||
|---|---|---|---|
| 008 | 180718b2003 xxu||||| |||| 00| 0 eng d | ||
| 100 | _aSahrawat, Kiran | ||
| 245 | _aTrends in electronic banking in New Zealand | ||
| 260 | _c2003 | ||
| 300 | _ap.16-25. | ||
| 362 | _aApr-Sep | ||
| 650 | _aBanks - New Zealand | ||
| 650 | _aElectronic banking - New Zealand | ||
| 650 | _aElectronic banking | ||
| 773 | _aJournal of Accounting and Finance | ||
| 909 | _a58021 | ||
| 999 |
_c58021 _d58021 |
||